000 004890000a22001930004500
003 LK-CoMWRAF
005 20230824101316.0
008 230817t2004 ||||| |||| 00| 0 eng d
020 _a8129101750
040 _aLK-CoMWRAF
_dLK-CoMWRAF
_eLK-CoMWRAF
041 _aeng
082 _a823
_bTAG
100 _aTagore, Rabindranath
245 _aRabindranath Tagore Omnibus I
260 _bRupa and Company
_aNew Delhi
_c2004
300 _a1010 p.
650 _aEnglish Fiction
942 _cBK
999 _c827
_d827